[Event "World Blitz 2025"]
[Site "Doha QAT"]
[Date "2025.12.29"]
[Round "7.62"]
[White "Krallis, Christos"]
[Black "Tabatabaei, M. Amin"]
[Result "0-1"]
[WhiteTitle "IM"]
[BlackTitle "GM"]
[WhiteElo "2416"]
[BlackElo "2700"]
[WhiteFideId "4298896"]
[BlackFideId "12521213"]
[EventDate "2025.12.29"]

1. e4 d6 2. d4 Nf6 3. Nc3 g6 4. f4 Bg7 5. Nf3 O-O 6. Bd3 Nc6 7. O-O e5 8. fxe5
dxe5 9. d5 Ne7 10. h3 c6 11. dxc6 Nxc6 12. Be3 Be6 13. Qd2 Nh5 14. Ng5 Nd4 15.
Nxe6 fxe6 16. Rxf8+ Qxf8 17. Rf1 Qb4 18. Nd1 Qxd2 19. Bxd2 Rd8 20. Ne3 Nf4 21.
Kf2 Nxc2 22. Bxc2 Rxd2+ 23. Kf3 Nxg2 24. Bb3 Nf4 25. Rc1 h5 26. Rc7 Rh2 27. Nc4
Rxh3+ 28. Kf2 Bf6 29. Nd6 Bh4+ 30. Kg1 Rg3+ 31. Kf1 Rf3+ 32. Kg1 Bf2+ 0-1

[Event "World Blitz 2025"]
[Site "Doha QAT"]
[Date "2025.12.29"]
[Round "7.63"]
[White "Yakubboev, Nodirbek"]
[Black "Iniyan, Pa"]
[Result "0-1"]
[WhiteTitle "GM"]
[BlackTitle "GM"]
[WhiteElo "2691"]
[BlackElo "2598"]
[WhiteFideId "14203987"]
[BlackFideId "25002767"]
[EventDate "2025.12.29"]

1. Nf3 Nf6 2. g3 c5 3. Bg2 d5 4. O-O e6 5. d4 cxd4 6. b3 Nc6 7. Nxd4 e5 8. Nxc6
bxc6 9. c4 Be7 10. Bb2 Qd6 11. cxd5 cxd5 12. Ba3 Qe6 13. Bxe7 Kxe7 14. Nc3 Rd8
15. Rc1 Kf8 16. Qd2 Rb8 17. Na4 Qa6 18. Rc7 Bg4 19. Re1 Rdc8 20. Qc3 Qd6 21.
Rxc8+ Rxc8 22. Qd2 Qc6 23. h3 Bd7 24. Rd1 Qc2 25. Qb4+ Kg8 26. Rd2 Qc1+ 27. Kh2
Qe1 28. Rd4 Qxf2 29. Rd1 h5 30. Qe1 Qxe1 31. Rxe1 Bxa4 32. bxa4 Rc2 0-1

[Event "World Blitz 2025"]
[Site "Doha QAT"]
[Date "2025.12.29"]
[Round "7.64"]
[White "Gan-Erdene, Sugar"]
[Black "Chigaev, Maksim"]
[Result "0-1"]
[WhiteTitle "IM"]
[BlackTitle "GM"]
[WhiteElo "2444"]
[BlackElo "2626"]
[WhiteFideId "4902980"]
[BlackFideId "4108116"]
[EventDate "2025.12.29"]

1. e4 e5 2. Nf3 Nc6 3. Nc3 Bc5 4. Bb5 d6 5. d4 exd4 6. Nxd4 Ne7 7. Bg5 Bxd4 8.
Qxd4 O-O 9. Qd2 a6 10. Be2 Be6 11. O-O-O Qd7 12. Kb1 Rae8 13. f4 f5 14. e5 d5
15. Bf3 Rd8 16. Ne2 h6 17. Bh4 Qe8 18. Bf2 d4 19. Bxd4 Qf7 20. Qc3 Bxa2+ 21. Ka1
Bd5 22. Bc5 Bxf3 23. gxf3 Nd5 24. Qb3 Rfe8 25. c4 Nb6 26. Bxb6 cxb6 27. Rd5 b5
28. Rhd1 bxc4 29. Qxc4 Ne7 30. Rxd8 Qxc4 31. Rxe8+ Kf7 32. Rdd8 Qxe2 33. Rf8+
Kg6 34. Rd6+ Kh7 35. Rf7 Qf1+ 36. Ka2 Qc4+ 0-1

[Event "World Blitz 2025"]
[Site "Doha QAT"]
[Date "2025.12.29"]
[Round "7.65"]
[White "Dau Khuong Duy"]
[Black "Salinas Herrera, Pablo"]
[Result "1-0"]
[WhiteTitle "IM"]
[BlackTitle "GM"]
[WhiteElo "2489"]
[BlackElo "2473"]
[WhiteFideId "12424722"]
[BlackFideId "3407128"]
[EventDate "2025.12.29"]

1. e4 e5 2. Nf3 Nc6 3. Bb5 a6 4. Ba4 Nf6 5. O-O Be7 6. d3 d6 7. c4 O-O 8. Nc3
Bg4 9. h3 Bxf3 10. Qxf3 Nd4 11. Qd1 Nd7 12. Bxd7 Qxd7 13. Be3 Ne6 14. b4 b5 15.
a4 c6 16. cxb5 cxb5 17. Nd5 Qb7 18. Qb3 Bg5 19. Bxg5 Nxg5 20. Rfc1 Ne6 21. a5
Rac8 22. Nb6 Rxc1+ 23. Rxc1 h5 24. h4 Nd4 25. Qd1 f5 26. Nd5 fxe4 27. dxe4 Qf7
28. Kh2 Kh8 29. f4 Qg6 30. f5 Qh6 31. Rc3 g6 32. Rg3 Nxf5 33. exf5 Rxf5 34. Ne7
Rf6 35. Rg5 Qg7 36. Nd5 Rf7 37. Qd3 Rf2 38. Rxg6 Qf7 39. Qg3 Kh7 40. Rg5 Rf1 41.
Qd3+ Kh6 42. Rg3 Rf5 43. Ne7 Rf4 44. Ng8+ 1-0

[Event "World Blitz 2025"]
[Site "Doha QAT"]
[Date "2025.12.29"]
[Round "7.66"]
[White "Peyrer, Konstantin"]
[Black "Urkedal, Frode Olav Olsen"]
[Result "0-1"]
[WhiteTitle "IM"]
[BlackTitle "GM"]
[WhiteElo "2496"]
[BlackElo "2568"]
[WhiteFideId "1640879"]
[BlackFideId "1506102"]
[EventDate "2025.12.29"]

1. Nf3 d5 2. g3 g6 3. Bg2 Bg7 4. O-O e5 5. d3 Nc6 6. e4 dxe4 7. dxe4 Qxd1 8.
Rxd1 Bg4 9. c3 Nf6 10. h3 Be6 11. Ng5 Bd7 12. Na3 h6 13. Nf3 Nxe4 14. Nxe5 Nxe5
15. Bxe4 O-O-O 16. h4 Bg4 17. Rxd8+ Rxd8 18. Be3 f5 19. Bg2 Nf3+ 20. Kf1 g5 21.
hxg5 hxg5 22. Nc4 Bh6 23. a4 f4 24. gxf4 gxf4 25. Bxa7 Nd2+ 26. Nxd2 Rxd2 27.
Be4 Rxb2 28. Bd4 f3 29. a5 Re2 30. Bd3 Rd2 31. a6 bxa6 32. Bxa6+ Kd7 33. Ke1 Rb2
34. Bd3 Bd2+ 35. Kd1 Bf4 36. Bc2 Rb8 37. Ra5 Be6 38. Bf5 Rb2 39. Bxe6+ Kxe6 0-1

[Event "World Blitz 2025"]
[Site "Doha QAT"]
[Date "2025.12.29"]
[Round "7.67"]
[White "Akobian, Varuzhan"]
[Black "Khubukshanov, Erdem"]
[Result "0-1"]
[WhiteTitle "GM"]
[BlackTitle "IM"]
[WhiteElo "2549"]
[BlackElo "2502"]
[WhiteFideId "13300580"]
[BlackFideId "54114527"]
[EventDate "2025.12.29"]

1. d4 Nf6 2. Nf3 g6 3. c4 Bg7 4. Nc3 d5 5. Bg5 O-O 6. Bxf6 Bxf6 7. cxd5 c5 8.
dxc6 Nxc6 9. e3 Qb6 10. Qb3 Qxb3 11. axb3 Nb4 12. Rc1 Be6 13. Nd2 Bf5 14. Nde4
Bg7 15. Bc4 e5 16. dxe5 Bxe5 17. Ke2 a6 18. f4 Bg7 19. Nd6 Bg4+ 20. Kf2 b5 21.
Be2 Be6 22. Rhd1 Bxb3 23. Rd2 Rad8 24. Nce4 Bd5 25. Bf3 Bxb2 26. Rb1 Bxe4 27.
Rbxb2 Nd3+ 28. Rxd3 Bxd3 29. Nb7 Rc8 30. e4 Rc2+ 31. Rxc2 Bxc2 32. Ke3 Rc8 33.
e5 b4 34. Nd6 Rc7 35. Bd5 b3 36. Nc4 Rxc4 0-1

[Event "World Blitz 2025"]
[Site "Doha QAT"]
[Date "2025.12.29"]
[Round "7.68"]
[White "Ahmad, Khagan"]
[Black "Nesterov, Arseniy"]
[Result "1-0"]
[WhiteTitle "IM"]
[BlackTitle "GM"]
[WhiteElo "2472"]
[BlackElo "2595"]
[WhiteFideId "13431552"]
[BlackFideId "24198455"]
[EventDate "2025.12.29"]

1. e4 e5 2. Nf3 Nf6 3. Nc3 Nc6 4. a3 d5 5. Bb5 Nxe4 6. Qe2 Nxc3 7. Qxe5+ Qe7 8.
dxc3 Bd7 9. Qxe7+ Bxe7 10. Bf4 O-O-O 11. O-O-O Bg4 12. Bxc6 bxc6 13. Rde1 Bf6
14. Ne5 Bxe5 15. Bxe5 f6 16. Bd4 a6 17. f3 Bh5 18. Re7 Rd7 19. Rhe1 Bg6 20. R7e6
Rd6 21. Re7 Rd7 22. Kd2 Rhd8 23. R7e6 Rd6 24. R6e2 Bf7 25. Bc5 R6d7 26. Kd3 Rg8
27. Kd4 Rdd8 28. Re7 Rge8 29. Bb4 Rxe7 30. Rxe7 Rd7 31. Re2 Rd8 32. Re7 Rd7 33.
Re2 Rd8 34. g4 Re8 35. Rxe8+ Bxe8 36. Bf8 g6 37. Bg7 f5 38. g5 1-0

[Event "World Blitz 2025"]
[Site "Doha QAT"]
[Date "2025.12.29"]
[Round "7.85"]
[White "Harikrishnan, A. Ra"]
[Black "Nogerbek, Kazybek"]
[Result "0-1"]
[WhiteTitle "GM"]
[BlackTitle "GM"]
[WhiteElo "2531"]
[BlackElo "2539"]
[WhiteFideId "5081483"]
[BlackFideId "13710427"]
[EventDate "2025.12.29"]

1. Nf3 d5 2. g3 c5 3. c4 d4 4. b4 Nf6 5. Bg2 Qc7 6. bxc5 e5 7. O-O Bxc5 8. d3
O-O 9. Ba3 Nbd7 10. Qc1 Rb8 11. Nbd2 b6 12. Bxc5 Nxc5 13. Nb3 h6 14. Nxc5 bxc5
15. Qa3 a5 16. Nd2 Bb7 17. Bxb7 Rxb7 18. Nb3 Rc8 19. Qxa5 Qe7 20. Nd2 Ra7 21.
Qb5 Rca8 22. a4 Ra5 23. Qc6 R5a6 24. Qf3 Qe8 25. Nb3 e4 26. Qf5 e3 27. f3 Rxa4
28. Rxa4 Qxa4 29. Nxc5 Qc2 30. Ne4 Qxe2 31. Nxf6+ gxf6 32. Qg4+ Kf8 33. Qd7 Qxd3
34. Qc6 Re8 35. Qxf6 e2 36. Qxh6+ Kg8 37. Qg5+ Qg6 38. Qb5 exf1=Q+ 39. Kxf1 Rd8
40. h4 d3 41. h5 Qf6 0-1

[Event "World Blitz 2025"]
[Site "Doha QAT"]
[Date "2025.12.29"]
[Round "7.86"]
[White "Begmuratov, Khumoyun"]
[Black "Gholami Orimi, Mahdi"]
[Result "1-0"]
[WhiteTitle "IM"]
[BlackTitle "GM"]
[WhiteElo "2451"]
[BlackElo "2515"]
[WhiteFideId "14210207"]
[BlackFideId "12558486"]
[EventDate "2025.12.29"]

1. e4 e5 2. Nf3 Nc6 3. Bc4 Nf6 4. d3 h6 5. a4 d6 6. c3 g5 7. a5 Bg7 8. a6 O-O 9.
O-O d5 10. exd5 Nxd5 11. Re1 g4 12. Nfd2 Nb6 13. axb7 Bxb7 14. Qxg4 Kh8 15. Qh5
Nxc4 16. Nxc4 Kh7 17. Qf5+ Kg8 18. Nbd2 Ne7 19. Qh3 Ng6 20. Ne4 Nh4 21. Qg3 Nf5
22. Qg4 Bc8 23. Nxe5 Kh8 24. Bf4 Qd5 25. Ng3 Nxg3 26. Qxg3 Be6 27. Qh4 Kh7 28.
Re3 Rg8 29. Nf3 Qf5 30. Rae1 Qg6 31. Ng5+ Kh8 32. Rxe6 fxe6 33. Rxe6 Bf6 34.
Rxf6 Qxf6 35. Be5 1-0

[Event "World Blitz 2025"]
[Site "Doha QAT"]
[Date "2025.12.29"]
[Round "7.87"]
[White "Sklokin, Sergey"]
[Black "Rakhmanov, Aleksandr"]
[Result "0-1"]
[WhiteTitle "FM"]
[BlackTitle "GM"]
[WhiteElo "2407"]
[BlackElo "2585"]
[WhiteFideId "55730230"]
[BlackFideId "4173708"]
[EventDate "2025.12.29"]

1. e4 c5 2. Nf3 Nf6 3. Nc3 d5 4. exd5 Nxd5 5. d4 Nxc3 6. bxc3 g6 7. Be2 Bg7 8.
O-O O-O 9. Be3 Qa5 10. Bd2 Qc7 11. Rb1 Rd8 12. Qc1 cxd4 13. cxd4 Nc6 14. c3 Bf5
15. Rb3 Rac8 16. Bf4 e5 17. dxe5 Nxe5 18. Nd4 Bd7 19. Qe3 Re8 20. Qg3 b6 21. Bb5
Bxb5 22. Nxb5 Qd7 23. h3 Rc5 24. Nd4 Nc4 25. Rbb1 h5 26. Rfe1 Rcc8 27. Qd3 Qd5
28. Rxe8+ Rxe8 29. Rb5 Re1+ 30. Kh2 Qe4 31. Qxe4 Rxe4 32. Bb8 a6 33. Rd5 b5 34.
Rd8+ Kh7 35. Rd7 Kg8 36. Rd8+ Kh7 37. Rd7 Re8 38. Bf4 Kg8 39. Ra7 b4 40. Rxa6
bxc3 41. Nb3 Rc8 42. Bc1 Nb2 43. Be3 c2 44. Nc1 Nc4 45. Bf4 Bb2 46. Ra7 Ne5 47.
Nb3 Nd3 48. Be3 c1=Q 49. Nxc1 Bxc1 50. Bd4 Bb2 51. Be3 Be5+ 52. g3 h4 53. Kg2
hxg3 54. fxg3 Nb4 55. a4 Nd5 56. Bf2 Rc2 57. Kf3 Rxf2+ 0-1

[Event "World Blitz 2025"]
[Site "Doha QAT"]
[Date "2025.12.29"]
[Round "7.88"]
[White "Tran, Thanh Tu"]
[Black "Yilmaz, Mustafa"]
[Result "1-0"]
[WhiteTitle "IM"]
[BlackTitle "GM"]
[WhiteElo "2402"]
[BlackElo "2595"]
[WhiteFideId "12401404"]
[BlackFideId "6302718"]
[EventDate "2025.12.29"]

1. d4 Nf6 2. Nc3 d5 3. Bf4 e6 4. Nb5 Na6 5. e3 Be7 6. h4 Ne4 7. Bd3 f5 8. h5 c6
9. Nc3 Qb6 10. Rb1 Nb4 11. Bxe4 fxe4 12. a3 Na6 13. Qg4 Bf6 14. Be5 Bxe5 15.
dxe5 Qc7 16. f4 exf3 17. Nxf3 O-O 18. O-O Qe7 19. b4 Bd7 20. h6 g6 21. Ng5 Rf5
22. Rxf5 exf5 23. Qf4 Re8 24. Nf3 Nc7 25. Ne2 Ne6 26. Qg3 Qf8 27. Qh4 Qe7 28.
Qg3 g5 29. Ned4 Nxd4 30. exd4 g4 31. Rf1 Rf8 32. Ne1 Qg5 33. Qf4 Qh5 34. Nd3 b6
35. Kf2 Qh4+ 36. Ke3 Be6 37. Nf2 Kf7 38. Rh1 Qe7 39. Nxg4 Rg8 40. Nf6 Rxg2 41.
Nxh7 Rg4 42. Qf3 f4+ 43. Kd2 Bf5 44. Nf6 Rg3 45. Qxf4 Rg2+ 46. Ke1 Ke6 47. h7
Qg7 48. h8=Q Rg1+ 49. Rxg1 Qxg1+ 50. Ke2 Qg2+ 51. Qf2 Bg4+ 52. Nxg4 Qxg4+ 53.
Qf3 1-0

[Event "World Blitz 2025"]
[Site "Doha QAT"]
[Date "2025.12.29"]
[Round "7.89"]
[White "Gokerkan, Cem Kaan"]
[Black "Alexakis, Dimitris"]
[Result "1-0"]
[WhiteTitle "GM"]
[BlackTitle "GM"]
[WhiteElo "2510"]
[BlackElo "2544"]
[WhiteFideId "6336760"]
[BlackFideId "4277023"]
[EventDate "2025.12.29"]

1. e4 c5 2. Nf3 e6 3. c3 d5 4. exd5 Qxd5 5. d4 Nf6 6. Na3 Nc6 7. Be3 cxd4 8. Nb5
Qd7 9. Nbxd4 Nxd4 10. Bxd4 a6 11. Bd3 Bd6 12. Qc2 Qc7 13. O-O-O b5 14. Rhe1 Bb7
15. Kb1 O-O-O 16. a4 b4 17. Ne5 bxc3 18. Bxc3 Nd5 19. Ba5 Qxc2+ 20. Bxc2 Rdf8
21. g3 Bc7 22. Bd2 f6 23. Nc4 e5 24. Na5 Rd8 25. Bf5+ Kb8 26. Nxb7 Kxb7 27. Be4
Kb8 28. Bh6 gxh6 29. Bxd5 f5 30. b4 e4 31. Ka2 Rd6 32. Bc4 Rhd8 33. Rxd6 Rxd6
34. Re2 Rd4 35. Kb3 a5 36. bxa5 Bxa5 37. Be6 Rd3+ 38. Kc4 Rf3 39. Kb5 Bc7 40. a5
Ka7 41. Rd2 Rd3 42. Rc2 Bd8 43. Bxf5 Rd5+ 44. Rc5 Rxc5+ 45. Kxc5 e3 46. fxe3
Bxa5 47. e4 Kb7 48. Kd6 Bc7+ 49. Kd7 Kb6 50. Bxh7 Bb8 51. Ke6 Kc5 52. Kf5 Kd4
53. Kg4 Bd6 54. Kh5 Bf8 55. h4 Ke5 56. Kg6 Ke6 57. Bg8+ Ke5 58. Bd5 Bb4 59. Kxh6
Be1 60. h5 Kf6 61. g4 Bd2+ 62. Kh7 Bc3 63. Kg8 Kg5 64. Be6 Kf6 65. Bf5 Bd2 66.
Kf8 Bb4+ 1-0

[Event "World Blitz 2025"]
[Site "Doha QAT"]
[Date "2025.12.29"]
[Round "7.90"]
[White "Lodici, Lorenzo"]
[Black "Galaviz Medina, Sion Radamantys"]
[Result "0-1"]
[WhiteTitle "GM"]
[BlackTitle "IM"]
[WhiteElo "2590"]
[BlackElo "2514"]
[WhiteFideId "884189"]
[BlackFideId "5123119"]
[EventDate "2025.12.29"]

1. e4 c5 2. Nc3 e6 3. d4 cxd4 4. Qxd4 Nc6 5. Qe3 Nf6 6. Nf3 d6 7. b3 Be7 8. Bb2
a6 9. O-O-O Qc7 10. Rg1 b5 11. g4 Bb7 12. g5 Nd7 13. Kb1 Qb6 14. Qxb6 Nxb6 15.
h4 b4 16. Ne2 e5 17. c4 Nd7 18. Ng3 g6 19. Ne1 Nc5 20. Nc2 a5 21. Ne3 a4 22. Nd5
axb3 23. Nc7+ Kd7 24. Nxa8 bxa2+ 25. Kxa2 Rxa8+ 26. Kb1 Kc7 27. f3 b3 28. Rg2
Bc8 29. Rgd2 Be6 30. Be2 Na4 31. Nf1 Nd4 32. Ne3 Nxb2 33. Kxb2 Ra2+ 34. Kb1 Nxe2
35. Rxa2 bxa2+ 36. Ka1 Nd4 37. Rf1 Kc6 38. Kxa2 Bd8 39. Kb2 Bb6 40. Kc3 Ne2+ 41.
Kd2 Nd4 42. Kd3 Nb3 43. Nd5 Bxd5 44. cxd5+ Kc7 45. h5 Kd7 46. Rb1 Nc5+ 47. Kc4
Bc7 48. Ra1 Bd8 49. Ra7+ Ke8 50. hxg6 hxg6 51. Ra8 Kd7 52. Ra7+ Ke8 53. Ra8 Ke7
54. Ra7+ Kf8 55. Ra8 Ke8 56. Kb5 Kd7 57. Ra7+ Bc7 58. Kc4 Kc8 59. Ra8+ Bb8 60.
Ra2 Kd8 61. Ra8 Kc7 62. Ra2 Kc8 63. Ra8 Kb7 64. Ra2 Bc7 65. Rh2 Bd8 66. Rh7 Bxg5
67. Rxf7+ Kb6 68. Rg7 Bd8 69. Rxg6 Bc7 70. Rg7 Nb7 71. Rf7 Na5+ 72. Kd3 Nb3 73.
Rh7 Kb7 74. f4 Nc5+ 75. Ke3 exf4+ 76. Kxf4 Nd3+ 77. Kf5 Ne5 78. Ke6 Kb6 79. Rh1
Kc5 80. Rc1+ Nc4 81. Kd7 Ba5 82. e5 dxe5 83. d6 e4 84. Ke6 e3 85. d7 Kd4 86. Ra1
e2 87. Re1 Kd3 88. Rxe2 0-1

[Event "World Blitz 2025"]
[Site "Doha QAT"]
[Date "2025.12.29"]
[Round "7.91"]
[White "Materia, Marco"]
[Black "Wafa, Hamed"]
[Result "0-1"]
[WhiteTitle "IM"]
[BlackTitle "IM"]
[WhiteElo "2497"]
[BlackElo "2373"]
[WhiteFideId "45150451"]
[BlackFideId "10628452"]
[EventDate "2025.12.29"]

1. d4 Nf6 2. c4 b6 3. Nc3 Bb7 4. Qc2 d5 5. cxd5 Nxd5 6. e4 Nxc3 7. bxc3 e6 8.
Nf3 Be7 9. Bf4 O-O 10. Bd3 c5 11. d5 exd5 12. exd5 Qxd5 13. Bxh7+ Kh8 14. O-O g6
15. Rad1 Qh5 16. Rfe1 Bf6 17. Bd6 Bxf3 18. gxf3 Nc6 19. Qe4 Rfc8 20. Qf4 Qg5+
21. Qxg5 Bxg5 22. Rd5 Bf6 23. Bxg6 fxg6 24. Re6 Kg7 25. Bf4 Rd8 26. Rdd6 Rxd6
27. Rxd6 Ne5 28. Kg2 Kf7 29. a4 Ke7 30. Rd1 Nc4 31. Re1+ Kf7 32. Re4 Na5 33. c4
Re8 34. Bd6 Rxe4 35. fxe4 Nxc4 36. Bb8 Be5 37. Bxa7 Bc7 38. h4 Na5 39. Kf3 Nc6
40. Bxb6 Bxb6 41. Ke2 Bc7 42. Kd3 Ne5+ 43. Kc2 Ke6 44. f4 Nc6 45. f5+ gxf5 46.
exf5+ Kxf5 47. Kd3 Na5 48. h5 c4+ 49. Kd4 Be5+ 0-1

[Event "World Blitz 2025"]
[Site "Doha QAT"]
[Date "2025.12.29"]
[Round "7.92"]
[White "Siddharth, Jagadeesh"]
[Black "Suyarov, Mukhammadzokhid"]
[Result "1-0"]
[WhiteTitle "GM"]
[BlackTitle "IM"]
[WhiteElo "2489"]
[BlackElo "2454"]
[WhiteFideId "5818320"]
[BlackFideId "14210495"]
[EventDate "2025.12.29"]

1. c4 e6 2. g3 d5 3. Bg2 Nf6 4. Nf3 Be7 5. O-O O-O 6. d3 Nc6 7. a3 a5 8. Nc3 d4
9. Nb5 e5 10. e3 dxe3 11. Bxe3 h6 12. d4 exd4 13. Nfxd4 Nxd4 14. Qxd4 c6 15.
Qxd8 Bxd8 16. Nd6 Bc7 17. Nxc8 Rfxc8 18. Rad1 Be5 19. Rd2 a4 20. Rfd1 Re8 21.
Bb6 Ra6 22. c5 g5 23. Bf1 Raa8 24. Bc4 Kg7 25. Kg2 Rac8 26. Re2 Kf8 27. Ba5 Kg7
28. Rd3 Kf8 29. Rf3 Kg7 30. Rf5 Bd4 31. Rd2 Re5 32. Rxf6 Kxf6 33. Rxd4 Ke7 34.
Bc3 Rf5 35. Re4+ Kf8 36. g4 Rf4 37. Rxf4 gxf4 38. Kf3 Rd8 39. Kxf4 Rd1 40. h4
Rg1 41. f3 Rd1 42. h5 Rg1 43. Kf5 Rd1 44. Kf6 Rg1 45. Bd2 Kg8 46. Bxf7+ Kh8 47.
Kg6 1-0

[Event "World Blitz 2025"]
[Site "Doha QAT"]
[Date "2025.12.29"]
[Round "7.93"]
[White "Gavrilescu, David"]
[Black "Ibrahimli, Murad"]
[Result "1-0"]
[WhiteTitle "GM"]
[BlackTitle "IM"]
[WhiteElo "2542"]
[BlackElo "2438"]
[WhiteFideId "1227190"]
[BlackFideId "13410229"]
[EventDate "2025.12.29"]

1. e4 e5 2. Bc4 Nf6 3. Nc3 Bb4 4. Nge2 c6 5. a3 Ba5 6. O-O O-O 7. d4 d6 8. Bg5
Qe7 9. dxe5 dxe5 10. Ng3 Be6 11. Nh5 Nbd7 12. Bxe6 Qxe6 13. b4 Bc7 14. Nxf6+
Nxf6 15. Qf3 Nd7 16. Rfd1 f6 17. Be3 Nb6 18. Qe2 Nc4 19. Bc5 Rfe8 20. f3 a5 21.
b5 Red8 22. a4 h6 23. h3 Kh7 24. Nd5 cxd5 25. exd5 Qd7 26. Qxc4 Rac8 27. d6 Bb8
28. Qd3+ Kh8 29. Ba3 Ba7+ 30. Kh1 Bd4 31. c4 Bxa1 32. Rxa1 b6 33. Rd1 Qe6 34.
Rc1 Rd7 35. Qe3 Rxc4 36. Rxc4 Qxc4 37. Qxb6 Qxa4 38. Qc6 Rd8 39. Qc7 Rg8 40. Bc5
Qxb5 41. d7 Qc4 42. d8=Q Rxd8 43. Qxd8+ Kh7 44. Qxa5 Qc1+ 45. Bg1 Qc2 46. Qd5
Qg6 47. Kh2 Qe8 48. Be3 Qe7 1-0

[Event "World Blitz 2025"]
[Site "Doha QAT"]
[Date "2025.12.29"]
[Round "7.94"]
[White "Ivanchuk, Vasyl"]
[Black "Saraci, Nderim"]
[Result "1-0"]
[WhiteTitle "GM"]
[BlackTitle "IM"]
[WhiteElo "2607"]
[BlackElo "2461"]
[WhiteFideId "14100010"]
[BlackFideId "6351921"]
[EventDate "2025.12.29"]

1. d4 Nf6 2. c4 e6 3. Nc3 d5 4. Bf4 Bd6 5. Bg3 c6 6. e3 O-O 7. Nf3 Re8 8. Rc1
Nh5 9. Bxd6 Qxd6 10. g4 Nf6 11. g5 Nfd7 12. h4 e5 13. cxd5 cxd5 14. Nb5 Qb4+ 15.
Qd2 Qxd2+ 16. Kxd2 Na6 17. Nd6 Rd8 18. Bxa6 bxa6 19. Nxe5 Nxe5 20. dxe5 Rb8 21.
Rxc8 Rdxc8 22. Nxc8 Rxc8 23. Rc1 Rb8 24. b3 Kf8 25. Rc7 Rb4 26. f4 Re4 1-0

[Event "World Blitz 2025"]
[Site "Doha QAT"]
[Date "2025.12.29"]
[Round "7.95"]
[White "Samunenkov, Ihor"]
[Black "Aravindh, Chithambaram VR."]
[Result "1-0"]
[WhiteTitle "GM"]
[BlackTitle "GM"]
[WhiteElo "2584"]
[BlackElo "2703"]
[WhiteFideId "14187086"]
[BlackFideId "5072786"]
[EventDate "2025.12.29"]

1. d4 Nf6 2. c4 e6 3. Nc3 Bb4 4. g3 c5 5. dxc5 Na6 6. Bd2 O-O 7. Bg2 Nxc5 8. Nf3
b6 9. O-O Bb7 10. a3 Bxc3 11. Bxc3 Rc8 12. Bxf6 gxf6 13. Qd4 Nb3 14. Qg4+ Kh8
15. Rad1 Rg8 16. Qh5 Rg7 17. Rd3 Nc5 18. Rd4 Nb3 19. Rh4 Bxf3 20. Bxf3 Nd2 21.
Rc1 d5 22. Qh6 Rxc4 23. Rcxc4 Nxc4 24. Qc1 Ne5 25. Bg2 Rg4 26. Rxg4 Nxg4 27. h3
Ne5 28. f4 Ng6 29. Qc6 f5 30. h4 1-0

[Event "World Blitz 2025"]
[Site "Doha QAT"]
[Date "2025.12.29"]
[Round "7.96"]
[White "Zverev, Lev"]
[Black "Wojtaszek, Radoslaw"]
[Result "1-0"]
[WhiteTitle "IM"]
[BlackTitle "GM"]
[WhiteElo "2453"]
[BlackElo "2667"]
[WhiteFideId "24250775"]
[BlackFideId "1118358"]
[EventDate "2025.12.29"]

1. e4 c6 2. d4 d5 3. e5 Bf5 4. Nf3 e6 5. Be2 Nd7 6. O-O Ne7 7. Nbd2 a5 8. c3 a4
9. Ne1 c5 10. Bd3 Bxd3 11. Nxd3 cxd4 12. cxd4 Nc6 13. Nf3 Be7 14. Be3 Qb6 15. h4
Qb5 16. h5 h6 17. Nfe1 O-O-O 18. b3 a3 19. Nc2 Kb8 20. Qd2 Rc8 21. Rfc1 Rc7 22.
b4 Rhc8 23. Nc5 Nb6 24. Nxa3 Qxb4 25. Qd3 Bxc5 26. Rxc5 Nxe5 27. Qb5 Qxa3 28.
Rxc7 Rxc7 29. dxe5 Nc4 30. Bd4 Qd3 31. Qe8+ Rc8 32. Ba7+ Kxa7 33. Qxc8 Nxe5 34.
Qc5+ 1-0

[Event "World Blitz 2025"]
[Site "Doha QAT"]
[Date "2025.12.29"]
[Round "7.69"]
[White "Chanda, Sandipan"]
[Black "Ibarra Jerez, Jose Carlos"]
[Result "0-1"]
[WhiteTitle "GM"]
[BlackTitle "GM"]
[WhiteElo "2490"]
[BlackElo "2532"]
[WhiteFideId "5004225"]
[BlackFideId "2226332"]
[EventDate "2025.12.29"]

1. d4 Nf6 2. Nf3 g6 3. Nbd2 Bg7 4. e4 d6 5. Bd3 O-O 6. O-O c5 7. c3 cxd4 8. cxd4
Nc6 9. Re1 Bd7 10. Nb3 Nb4 11. Bb1 Ba4 12. Bd2 Qb6 13. Bc3 d5 14. e5 Ne4 15.
Nfd2 Nxd2 16. Qxd2 Nxa2 17. Nc5 Nxc3 18. bxc3 Bb5 19. Bd3 Bxd3 20. Qxd3 Qc6 21.
e6 f6 22. c4 dxc4 23. Qxc4 b6 24. Qa6 Rfc8 25. Nd7 Qd5 26. Qa3 Bf8 27. Qe3 Qd6
28. h4 Rc4 29. Red1 Bg7 30. h5 Qd5 31. h6 Bf8 32. Qf3 Qxf3 33. gxf3 Rc6 34. d5
Rd6 35. Rac1 Bxh6 36. Rc6 Rxc6 37. dxc6 Rc8 38. Nxf6+ Kg7 39. Nd5 Rxc6 40. Nxe7
Rc1 41. Rxc1 Bxc1 42. Nc8 Kf6 43. e7 Kf7 44. Nxa7 Ba3 45. Nc6 Bxe7 46. Kg2 Ke6
47. f4 Bd6 48. Kf3 Kd5 49. Nd8 b5 50. Nb7 Bc7 0-1

[Event "World Blitz 2025"]
[Site "Doha QAT"]
[Date "2025.12.29"]
[Round "7.70"]
[White "Amin, Bassem"]
[Black "Halkias, Stelios"]
[Result "1-0"]
[WhiteTitle "GM"]
[BlackTitle "GM"]
[WhiteElo "2626"]
[BlackElo "2503"]
[WhiteFideId "10601457"]
[BlackFideId "4201809"]
[EventDate "2025.12.29"]

1. Nf3 Nf6 2. g3 d5 3. Bg2 e6 4. O-O Be7 5. d3 O-O 6. Nbd2 a5 7. e4 a4 8. a3 Nc6
9. e5 Nd7 10. Re1 f6 11. exf6 Bxf6 12. Nf1 e5 13. c4 e4 14. dxe4 dxc4 15. Qd5+
Kh8 16. Qxc4 Nde5 17. Nxe5 Nxe5 18. Qc2 Bg4 19. Bf4 Nf3+ 20. Bxf3 Bxf3 21. Re3
Bg4 22. Bxc7 Qe8 23. Bd6 Rf7 24. e5 Bg5 25. Rc3 Qe6 26. Qe4 Bf5 27. Qc4 Qg6 28.
Re1 Re8 29. Qxa4 Bd7 30. Qe4 Bf5 31. Qd5 Be6 32. Qb5 Bd7 33. Qxb7 Bh3 34. Qc6
Ref8 35. Bxf8 Qf5 36. Bc5 Bf4 37. Qe8+ 1-0

[Event "World Blitz 2025"]
[Site "Doha QAT"]
[Date "2025.12.29"]
[Round "7.71"]
[White "Christiansen, Johan-Sebastian"]
[Black "Balakrishnan, Praveen"]
[Result "1/2-1/2"]
[WhiteTitle "GM"]
[BlackTitle "GM"]
[WhiteElo "2655"]
[BlackElo "2507"]
[WhiteFideId "1512668"]
[BlackFideId "2064871"]
[EventDate "2025.12.29"]

1. e4 e5 2. Nc3 Nf6 3. d4 exd4 4. Qxd4 Nc6 5. Qe3 Bb4 6. Bd2 O-O 7. O-O-O Re8 8.
Qf4 Ne5 9. f3 c6 10. Qg3 b5 11. Kb1 a5 12. Nge2 a4 13. Bc1 Nc4 14. h4 a3 15. b3
Qa5 16. Bh6 Nh5 17. Qg4 Bxc3 18. Qxh5 gxh6 19. Rh3 Nd2+ 20. Rxd2 Bxd2 21. Rg3+
Kf8 22. Qc5+ d6 23. Qxd6+ Re7 24. Qd4 Re6 25. Qc5+ Re7 26. Qd4 Re6 27. Qc5+ Ke8
28. Rg8+ Kd7 29. Rf8 Bg5 30. hxg5 Qe1+ 31. Nc1 Re7 32. Qd4+ Kc7 33. Qd8+ Kb7 34.
Qxe7+ Kb6 35. Rxf7 Qxf1 36. Qc7+ Kc5 37. Qe5+ Kb6 38. Qd4+ Ka6 39. Qd6 Kb6 40.
Qc7+ Kc5 41. Qe7+ Kb6 42. Qc7+ Kc5 1/2-1/2